00325nam a2200133Ia 4500008004100000041000800041082001700049100001400066245004700080260002600127300000800153365001600161700001400177230718s9999 xx 000 0 und d aeng a005.678bWEX aWexler S. aOfficial Microsoft HTML Help Authoring Kit c1998bMicrosoft Press a298 cRs.b188.00 aWexler S.